ZKM Gdynia - 265 - Statystyki

Ogólne statystyki
  • Ten quiz został rozwiązany 6 razy
    5 od ostatniego zresetowania
  • Średni wynik to 19 z 23
Statystyki odpowiedzi
MIejscowość Przystanek Ulica % Poprawnych
Suchy Dwór Borchardta Dąbrowskiej
100%
Gdynia Maciejewicza Pułkownika Dąbka
100%
Pogórze Pogórze Górne Wiejska
100%
Gdynia Sikorskiego Pułkownika Dąbka
100%
Gdynia Staniewicza Pułkownika Dąbka
100%
Gdynia Steyera Pułkownika Dąbka
100%
Pogórze Szkolna Szkolna
100%
Suchy Dwór Szkolna Szkolna
100%
Suchy Dwór Szkolna Szkolna
100%
Pogórze Szkolna Szkolna
100%
Kosakowo Urząd Gminy Żeromskiego
100%
Kosakowo Centrum Sportowe Żeromskiego
67%
Pogórze Dobke Wiejska
67%
Suchy Dwór Gombrowicza Dąbrowskiej
67%
Pogórze Herberta Wiejska
67%
Suchy Dwór Kochanowskiego Kochanowskiego
67%
Pogórze Majakowskiego Szkolna
67%
Pogórze Majakowskiego Szkolna
67%
Suchy Dwór Necla Kochanowskiego
67%
Gdynia Obłuże Maciejewicza Maciejewicza
67%
Pogórze Pułaskiego Wiejska
67%
Suchy Dwór Świetlica Reja
67%
Pogórze Słowackiego Szkolna
33%
Nie znaleziono quizów pasujących do podanych kryteriów
Rozkład punktacji
Procent ludzi z każdym wynikiem
Percentyl według liczby udzielonych odpowiedzi
Twoja historia wyników
Nie rozwiązałeś tego quizu od ostatniego zresetowania